Estudios psicoanalíticos sobre arte y literatura /

Salvato in:
Dettagli Bibliografici
Autore principale: Groddeck, Georg (autor)
Natura: Libro
Lingua:spagnolo
Pubblicazione: Caracas, Venezuela : Monte Avila, 1975, c1975
Serie:(Prisma)
Soggetti:
Tags: Aggiungi Tag
Nessun Tag, puoi essere il primo ad aggiungerne!!

MARC

LEADER 00000nam^a2200000^a^4500
001 000372138
005 20250521000000.0
009 20260310115951.652
037 |a Acervo ITESO - Biblioteca 
041 |a ESP 
082 |a 150. 1957  |b GRO 
100 |a Groddeck, Georg  |e (autor) 
245 1 0 |a Estudios psicoanalíticos sobre arte y literatura /  |c G. Groddeck ; selec. y notas de Egenolf Roeder von Diersburg. 
264 4 |a Caracas, Venezuela :  |b Monte Avila,  |c 1975, c1975 
300 |a 332 p. 
336 |a texto  |b txt  |2 rdacontenido 
337 |a sin mediación  |b n  |2 rdamedio 
338 |a volumen  |b nc  |2 rdasoporte 
440 1 |a (Prisma) 
649 |a XX 
650 |a Dios 
650 |a Símbolos 
650 |a Literatura -  |x Historia y Crítica 
650 |a Arte -  |x Historia y Crítica 
650 |a Psicoanálisis y Literatura 
650 |a Psicoanálisis y Arte -  |x Tema Principal 
650 |a Psicoanálisis -  |x Técnica 
650 |a Psicología 
910 |a Fondo Armando Suárez Gómez 
920 |a Impresos - Libros 
930 |a Fondos Especiales 
905 |a 111 
901 |a 0700003161  |b IT2  |c ESP  |u 20250521 
902 |a https://opac.biblio.iteso.mx/vufind/Record/000372138